| 000 | 00721nam a22002177a 4500 | ||
|---|---|---|---|
| 008 | 240609b mp ||||| |||| 00| 0 mon d | ||
| 035 | _a1257 | ||
| 040 |
_aHUV0167120 _bmon _cMN-UlNLM _dMN-UlNLM _erda |
||
| 041 | _amon | ||
| 042 | _a1694 | ||
| 084 |
_2NNA _a78 _bБ.573 |
||
| 100 | _aБопп Р.Е., Смит Л.С. | ||
| 245 | 0 | _aЛавлагаа ба мэдээллийн үйлчилгээ | |
| 264 |
_aКолорадо _bLibraries unlimited _c2001 |
||
| 300 | _a753х. | ||
| 336 |
_2rdacontent _atext _btxt |
||
| 337 |
_2rdamedia _aunmediated _bn |
||
| 338 |
_2rdacarrier _avolume _bnc |
||
| 650 | _aномын сан ба мэдээллийн шинжлэх ухааны цувралууд | ||
| 942 |
_2NNA _cBK |
||
| 999 |
_c861521 _d861578 |
||